[Event "Malmo Masters 1st"]
[Site "Malmo"]
[Date "2003.07.29"]
[Round "2"]
[White "Brynell, Stellan"]
[Black "McShane, Luke J"]
[Result "0-1"]
[WhiteElo "2511"]
[BlackElo "2619"]
[Annotator "Erenburg,S"]
[PlyCount "68"]
[EventDate "2003.07.28"]
[EventType "tourn"]
[EventRounds "9"]
[EventCountry "SWE"]
[EventCategory "9"]
[SourceTitle "CBM 097"]
[Source "ChessBase"]
[SourceDate "2003.11.11"]
[SourceVersion "1"]
[SourceVersionDate "2003.11.11"]
[SourceQuality "1"]

1. e4 d6 2. d4 Nf6 3. Nc3 g6 4. Nf3 Bg7 5. h3 O-O 6. Be3 c6 7. a4 Nbd7 {
Black allows white to occupy some space on the queenside, but, on the other
hand, prepares to provide the important breakthrough e7-e5 in the center.} (
7... a5 {is another theoretical line.}) 8. a5 Qc7 9. Be2 e5 10. dxe5 dxe5 (
10... Nxe5 11. O-O Nxf3+ 12. Bxf3 Nd7 13. Qd2 f5 14. exf5 Rxf5 15. Bg4 Rf8 16.
Be6+ Kh8 17. Bxd7 Qxd7 18. Bd4 $14 {1/2-1/2 Kotronias,V-Lugovoi,A/Hamburg 2001/
EXT 2002 (60)}) 11. O-O (11. Bc4 Nh5 12. O-O Ndf6 13. Qc1 Nf4 14. Bc5 Bh6 15.
Be3 Bd7 16. Re1 b5 $11 {1/2-1/2 Hakki,I-Minasian,A/Dubai 2002/CBM 87 ext (34)})
11... Rd8 12. Qb1 {Here white had two main possibilities to develop his queen:
Qc1 or Qb1. The continuation in the game is going to transfer it to diagonal
a2-g8, while the option of Qc1, sometimes, gives white possibility to transfer
his queen to the central square e3:} (12. Qc1 Nf8 (12... Bf8 {is more logical.}
) 13. Rd1 Bd7 14. Bc5 Be8 15. Rxd8 Qxd8 16. Qe3 $16 {1-0 Ljubojevic,L-Shirov,A/
Monte Carlo 1996/CBM 52 ext (35)}) 12... Nf8 13. Bc4 $6 {This move allows
black to trade his light-squared bishop, that is, obviously, advantageously
for him. According to well-known rule, the side, who suffers from a lack of
space, is interested in trades. In our particular case, black, changing the
light-squared bishops, solves the problem of f8 knight. More attractive
continuation looks:} (13. Qa2 Be6 14. Qa3 (14. Qa4 Nh5 15. Rfd1 Nf4 16. Bf1
Rxd1 17. Rxd1 Qe7 18. Ne2 $14 {1/2-1/2 Spassky,B-Van der Wiel,J/Reykjavik 1985/
MCD (29)}) 14... h6 15. Rfd1 (15. Bc5 b5 16. Rfd1 $14 {1/2-1/2 Lutz,
C-Kasimdzhanov,R/Essen 2001/CBM 83 (43)}) 15... N8d7 16. Nd2 Bf8 17. b4 c5 18.
b5 $14 {0-1 Lutz,C-Topalov,V/Frankfurt 1999/CBM 72/[Kaspi,A] (81)}) 13... Be6
$11 14. Qa2 $6 {After this move white faces serious problems...} ({Better was} 
14. Nd2) 14... b5 $1 {Black has possible alternative to the move in the game:}
(14... Nh5 15. Rfd1 Nf4 16. Ng5 Rxd1+ 17. Rxd1 Bxc4 18. Qxc4 h6 19. Bxf4 exf4
20. Nd5 Qd8 21. Nxf7 cxd5 22. Rxd5 Qc8 23. Qb3 Kh7 24. Rd8 Qxd8 {1/2-1/2
Bronstein,L-Nogueiras,J/II American Continental, Buenos Aires A 2003 (24)}) 15.
axb6 (15. Bb3 b4) (15. Bxe6 Nxe6 {[%cal Yg7f8] black's chances are preferable,
thanks to a better location of his pieces. Also white will have some problems
with the a5 pawn.}) 15... axb6 16. Qb3 b5 $1 17. Bxe6 Nxe6 $15 {Black's
position is slightly better, as he succeded to locate his pieces better, than
his opponent. White has some problems with his queen, which is very passive on
b3, and black is going to emphasize this fact with following transfer of
dark-squared bishop to f8.} 18. Bg5 $146 (18. Rxa8 Rxa8 19. Rd1 Bf8 $15 {
0-1 Martinovic,S-Lau,R/Solingen 1989/EXT 2003 (30)}) 18... Nxg5 19. Nxg5 Rxa1
20. Rxa1 Bf8 $1 {transfering the dark-squared bishop to a7-g1 diagonal, from
where it is going to attack f2 pawn.} 21. Re1 $2 {White had to improve the
position of one of his bad pieces (Qb3 or Ng5):} ({Better was} 21. Nf3 Bc5 (
21... b4 22. Na2 Nxe4 23. Qe3 (23. Nxb4 Qb6) 23... f5 24. Nxb4 $15) 22. Ne1 $1
$15) 21... Bc5 $1 $17 {[%cal Gd8d2,Gh7h6,Gc7a7] Now white's position is really
tough, it isn't so easy to offer him something...} 22. Nf3 (22. Rf1 Qa7 $1 $17)
22... Qa7 23. Nd1 (23. Rf1 b4 $19) 23... Nxe4 24. Rxe4 $6 ({More resistant was
} 24. Ne3 $17) 24... Rxd1+ 25. Kh2 Bxf2 $19 {Black is a pawn up and he holds a
very strong initiative, that promise him an easy victory.} 26. Rxe5 Qa1 27.
Re8+ Kg7 28. Qc3+ Kh6 29. Re1 Rxe1 30. Qd2+ Kg7 31. Qxf2 Rh1+ 32. Kg3 Qxb2 33.
Nd4 Qc3+ 34. Kh4 Qe1 0-1

[Event "Abu Dhabi op 13th"]
[Site "Abu Dhabi"]
[Date "2003.08.16"]
[Round "1"]
[White "Eid, Fadi"]
[Black "Svetushkin, Dmitry"]
[Result "0-1"]
[WhiteElo "2398"]
[BlackElo "2571"]
[Annotator "Erenburg,S"]
[PlyCount "88"]
[EventDate "2003.08.16"]
[EventType "swiss"]
[EventRounds "9"]
[EventCountry "UAE"]
[SourceTitle "CBM 097"]
[Source "ChessBase"]
[SourceDate "2003.11.11"]
[SourceVersion "1"]
[SourceVersionDate "2003.11.11"]
[SourceQuality "1"]

1. e4 g6 2. d4 Bg7 3. Nc3 c6 4. Nf3 d6 5. h3 Nf6 6. Bg5 {Very rare
continuation. Usually white develops the dark-squared bishop to g5, afterware
plays f2-f4. In this position, when the knight is already on f3, white
completes the development, occupying the e2(d3) and e3(f4) squares with his
bishops. White's main plan is to provide breakthrough e4-e5 after completing
the development.} O-O {Black tried also} (6... Qa5 7. Qd2 Nbd7 8. a3 e5 9. dxe5
dxe5 10. Bc4 O-O 11. O-O Qc7 12. b4 Re8 13. Be3 Nb6 14. Bd3 Rd8 15. Qe2 Nh5 $11
{0-1 Makropoulou,M-Svetushkin,D/Korinthos 2002/CBM 89 ext (40)}) (6... b5 7. a3
O-O 8. Be2 Qc7 9. O-O Nbd7 10. Re1 a6 11. Bf1 e5 $11 {1-0 Shereshevski,
M-Kupreichik,V/Minsk 1978/EXT 2003 (59)}) 7. Bd3 (7. Qd2 b5 (7... e5 8. dxe5
dxe5 9. Qxd8 Rxd8 10. Nxe5 Re8 11. O-O-O Rxe5 12. Rd8+ Re8 13. Bxf6 Rxd8 14.
Bxd8 Be6 15. Be7 $14 {1-0 Kaidanov,G-Azmaiparashvili,Z/Moscow 1986/EXT 2002 
(77)}) 8. Bd3 Qc7 9. a4 b4 10. Ne2 Nbd7 11. c3 bxc3 12. Nxc3 c5 13. Rc1 cxd4
14. Nxd4 Nc5 15. O-O Qb7 $15 {0-1 Kaidanov,G-Azmaiparashvili,Z/Tbilisi 1986/
EXT 98 (34)}) 7... Nbd7 8. Qd2 {Another possibility is} (8. e5 {1-0 McDonald,
N-Dunnington,A/London 1997/CBM 62/[Yudasin,L] (62)}) 8... b5 {Logical
alternative to the move in the game is} (8... e5 9. O-O-O b5 10. dxe5 dxe5 11.
g4 Qc7 12. Bh6 Nc5 13. Bxg7 Kxg7 14. Qe3 $14 {0-1 Hresc,V-Piven,I/Schwarzach
1997/EXT 99 (50)}) 9. O-O Bb7 10. e5 $1 {The most principal. The following
options deserve attention as well:} (10. Rfe1) (10. Bh6) 10... Ne8 ({It is
dubious to play} 10... dxe5 11. dxe5 Ne8 12. e6 fxe6 13. Rad1 $1 Ndf6 14. Qe3 {
[%cal Ge3e6,Yd3b5]} Qc8 15. Rfe1 $14) 11. exd6 $6 {This exchange helps black
to activize his pieces.} ({Seems much better:} 11. Rfe1 $1 {not allowing to
get into the game the e8 knight.} dxe5 12. dxe5 Nc7 (12... Nc5 13. Rad1 $16)
13. Rad1 Ne6 14. Bh6 $16) 11... Nxd6 12. Rfe1 $146 {According to my database,
this position appeared for the first time.} ({In the previous game white tried
} 12. Ne4 $6 Nxe4 13. Bxe4 Nf6 14. Qe2 Qc7 15. Bd3 e6 16. a4 b4 17. a5 c5 $11 {
0-1 Vranesic,Z-Malich,B/Tel Aviv 1964/MCD (47)}) 12... Re8 13. Ne4 $6 ({
Probably better was} 13. a4 b4 (13... c5 14. dxc5 Nxc5 15. Bxb5 Nxb5 16. axb5
$16) 14. Ne4 Nxe4 (14... Qb6 $2 15. a5) 15. Bxe4 a5 16. c3 $1 $14) 13... Qb6
14. Bxe7 {Nice tactical blow. But white doesn't succeed to get an advantage
after it.} ({Didn't promise anything special:} 14. c3 c5 15. dxc5 Nxc5 16. Nxc5
Qxc5 17. Bxe7 Bxf3 18. gxf3 Qd5 $13) 14... Nxe4 15. Rxe4 c5 $1 $132 {Now the
pair of black bishops become powerful.} 16. dxc5 Nxc5 17. Bxc5 $8 (17. Re2 Bxf3
18. gxf3 Nxd3 19. cxd3 Qb7 $15) 17... Qxc5 18. Rxe8+ $6 {missing better
opportunity.} (18. Qb4 $142 Qxb4 19. Rxb4 a6 20. a4 {and white's chances
aren't worse.}) 18... Rxe8 19. b4 (19. c3 Bxf3 20. gxf3 Qd5 $15) ({White
didn't equalize after} 19. Qf4 Bxb2 20. Rb1 Bxf3 21. Qxf3 Bd4 22. Rxb5 Bxf2+
23. Qxf2 (23. Kh2 Qc7+ 24. g3 Bb6 $36) 23... Re1+ 24. Bf1 Rxf1+ 25. Kxf1 Qxb5+
$17) 19... Qc8 20. Re1 Rxe1+ 21. Qxe1 $6 {After this move black gets some
chance to get an advantage.} ({After} 21. Nxe1 {white isn't worse. For
instance:} a6 (21... Bc3 22. Qe3 a6 23. a3) 22. a3 Qc3 (22... Bb2 23. c4) 23.
Qxc3 Bxc3 24. Kf1 Bb2 25. c4 bxc4 26. Bxc4 Bxa3 27. Nd3 $11) 21... Bxf3 22.
gxf3 Qxh3 23. Qe4 $6 ({White had to eliminate black's "b" pawn and not to
defend unuseful doubled "f" pawn.} 23. Bxb5 Qxf3 24. c4 h5 25. Qe3 $11) 23...
Qh5 $6 {Now it's black's turn to make mistake.} ({Deserves attention:} 23...
Qd7 {defending all the queenside pawns.}) 24. Qa8+ Bf8 25. Be4 $2 ({Why not} 
25. Qxa7 Qxf3 26. Qb8 $11) 25... Qg5+ 26. Kf1 Qd2 27. Qxa7 Qxb4 28. Bd5 (28.
Qd7 Kg7 29. Bd5 Be7 30. Qe8 f5 31. c4 {with good chance for a draw.}) 28... Qf4
29. Qe3 Qf5 30. Qe4 {Probably from some moment both opponents were in a time
trouble, therefore they made many strange mistakes...} (30. c4 b4 31. Qe4 Qf6
32. Qe8 {and it isn't easy for black to win this position.}) 30... Qf6 (30...
Qh3+ $142 31. Ke2 b4) 31. Bb3 $2 (31. c4 b4) 31... b4 $1 {[%csl Yb4][%cal
Gb4a3,Gb4c3,Ya2a4,Yc2c4]} 32. Kg2 Bd6 $17 {Now black's pieces have occupied
good positions, and he is ready for a decisive actions. Black's plan is
pushing forward "h" pawn, creating some threats against the white king.} 33.
Qd5 Kg7 34. Qe4 h5 35. Kf1 Be5 $5 {preparing to regroup his pieces.} (35... h4
$17) 36. Kg2 ({In case of} 36. Qxb4 Qxf3 37. a4 g5 {[%cal Gh5h4]} 38. a5 h4 {
and blacks' "h" pawn is extremely dangerous.}) 36... Qd6 {Black succeeded to
regroup his pieces. The next step is a moving of kingside' pawns.} 37. Qd5 Qe7
38. Kf1 ({Better is} 38. Qe4) 38... h4 39. Qe4 f5 40. Qe3 Qd6 41. Kg2 Bd4 42.
Qe6 (42. Qe8 {is parried by} Kh6) 42... Qf4 43. Qe7+ Kh6 44. Bd5 $2 {loses on
the spot.} ({More resistant was} 44. Qe2 Kh5 $19 {[%cal Gd4e5] and white is
hopeless.}) 44... Be5 {[%cal Gh4h3]} (44... Be5 45. Qf8+ Kh5 46. Qf7 h3+ 47.
Kf1 Qc1+ 48. Ke2 Qxc2+ {with following mate.}) 0-1

[Event "FRA-chT Top 16 GpB"]
[Site "Port Barcares"]
[Date "2005.05.05"]
[Round "9"]
[White "Eliet, Nicolas"]
[Black "Bacrot, Etienne"]
[Result "0-1"]
[WhiteElo "2430"]
[BlackElo "2731"]
[Annotator "Erenburg,S"]
[PlyCount "74"]
[EventDate "2005.05.04"]
[EventType "team"]
[EventRounds "11"]
[EventCountry "FRA"]
[SourceTitle "CBM 107"]
[Source "ChessBase"]
[SourceDate "2005.08.01"]
[SourceVersion "1"]
[SourceVersionDate "2005.08.01"]
[SourceQuality "1"]

1. Nf3 g6 2. d4 Bg7 3. e4 d6 4. h3 Nf6 5. Nc3 O-O 6. Be3 (6. Be2 {leads to the
main line.}) 6... c6 {Other possibilities are:} (6... d5 7. e5 Ne4 {---> 1-0
San Segundo Carrillo,P-Szmetan,J/Buenos Aires 1995/CBM 049/[Stohl] (44)}) (6...
b6 {---> 0-1 Perelshteyn,E-Benjamin,J/Seattle 2003/CBM 093/[Erenburg] (42)}) (
6... a6 {---> 1/2-1/2 Kotronias,V-Stohl,I/Elenite 1992/CBM 032/[Stohl] (58)})
7. Bd3 {White tried also:} (7. a4 Nbd7 8. a5 Qc7 9. Be2 e5 {---> 0-1 Brynell,
S-McShane,L/Malmo 2003/CBM 97_01/[Erenburg] (34)}) (7. Qd2 b5 8. Bd3 Nbd7 9.
O-O e5 10. dxe5 dxe5 $10 {---> 1-0 Turov,M-Lastin,A/Nizhnij Novgorod 1998/EXT
2000/[Yudasin,L] (17)}) 7... Nbd7 {preparing e7-e5.} 8. Qd2 e5 9. O-O exd4 {
In this way, Black gets an excellent c5 square for his queenside knight.
Black's main plan will be the pressure on white's pawn e4 along the e-file.
Black has the following alternatives:} (9... Qc7 10. Rfe1 Re8 11. a4 Nf8 12.
Rad1 Bd7 13. Bc4 a6 14. dxe5 dxe5 15. Bc5 b5 16. Bb3 Rad8 17. Qe3 Qb7 18. Ng5
Ne6 19. Nxe6 Bxe6 20. Bxe6 fxe6 21. Rxd8 $16 {1-0 Popovic,D-Lalic,D/Sombor SCG
2004/The Week in Chess 517 (47)}) (9... Qe7 10. Rfe1 Rd8 11. a4 {---> 1-0
Nedev,T-Kutirov,R/Skopje 2002/CBM 088/[Gofshtein,L] (34)}) 10. Nxd4 {If
Black's queen's knight is located on d7 and cannot be transfered to c6, then
White can take the d4 pawn with the bishop, in order to cover the c5 square:} (
10. Bxd4 $5 Ne5 11. Be2 Be6 12. Rad1 Nxf3+ 13. Bxf3 Qc7 14. Qf4 Ne8 15. Bxg7
Kxg7 16. Rfe1 $14 {1-0 Lau,R-Hoffmann,H/Dresden 1997/EXT 98 (53)}) 10... Re8
11. Rae1 $146 {It is not so easy to decide how to locate the rooks. If white
locates them on the e- and d-files, he will not be able to develop a dangerous
initiative on the kingside by pushing his pawn on f2 forward. On the other
hand, if white locates them on the e- and f-files, he will not be able to put
serious pressure on black's d6 pawn. In a previous game white prefered to
locate his kingside rook on e1:} (11. Rfe1 Nc5 12. Bh6 Nxd3 13. cxd3 Bh8 14.
Rad1 Nd7 15. Nc2 Nf8 16. d4 $14 {1-0 Reinderman,D-Hermansson,E/Hallsberg 1991/
EXT 97 (40)}) 11... Nc5 12. Bh6 Bh8 13. Nb3 {changing black's active knight.}
Nxd3 14. cxd3 ({After} 14. Qxd3 a5 15. Rd1 a4 16. Nd4 Nd7 $15 {Black's
position is slightly better, thanks to a his bishops pair.}) 14... a5 $1 $132 {
[%cal Ya5a4] emphasizing a background in location of white's knight on b3.} 15.
f4 ({In case of} 15. a4 {, white's queenside knight can be attacked by} Qb6)
15... a4 16. Nc1 a3 {weakening the dark squares in the white camp.} 17. b3 Qa5
18. N1e2 Nh5 {threatening with Ng3.} 19. f5 {trying to develop an initiative
on the kingside.} d5 $1 {activating a light-squared bishop.} ({Etienne could
play} 19... Ng3 20. Nxg3 Bxc3 21. fxg6 fxg6 22. Qf2 Be6 $11 {, but he didn't
have more than equality.}) 20. fxg6 {Maybe White hurried to change his f-pawn,
because it liberates the e6 square for black's light-squared bishop.} ({
Worth consideration:} 20. exd5 $5 cxd5 21. d4 Nf6 $13) 20... hxg6 21. exd5 cxd5
22. d4 {fixing black's pawn on d5. But now the e4 square became weak,
therefore...} Nf6 23. Qg5 {Probably, white overlooked Black's next move.} (23.
Bg5 Ne4 (23... Ra6 24. Qf4 $14) 24. Nxe4 Rxe4 25. Qxa5 Rxa5 26. Bf6 $11) 23...
Ra6 $1 {neutralizing White's threats on the kingside.} 24. Qf4 Be6 25. Na4 $2 {
A very bad move - White gives up the control over the central square e4 .} ({
Much better was} 25. Qh4 $11 {with approximately equal position.}) 25... Ne4 $1
$17 {Now Black's pieces are located much better, than White's ones.} 26. Rc1
Rc6 {threatening to gain control of the c-file by Rec8.} 27. Rxc6 bxc6 28. Qe3
Nd6 $1 {[%cal Yd6f5] Now Black starts to attack White's weak pawn d4. White's
position becomes difficult, due to misplaced knight on a4.} 29. Qf2 Bf5 $1 {
creating a new threat- Bd3.} 30. Ng3 $6 ({After} 30. Nac3 {Black transfers the
bishop to a6-f1 diagonal:} Bd3 $1 {[%cal Yd6f5]} 31. Rd1 Ba6 $17 {[%cal Yd6f5]
with an obvious advantage for black.}) 30... Qb4 $1 31. Rd1 Ne4 32. Nxe4 $2 {
losing a pawn on the spot.} ({More resistant was} 32. Qe3 Bd7 $1 33. Ne2 (33.
Nf1 Nd6 $19 {[%cal Yd6f5]}) 33... Ng3 $1 34. Qxg3 Rxe2 $17 {/-+}) 32... Rxe4
33. Be3 Qe7 34. Rd3 ({White cannot allow black to invade into the second rank:
} 34. Bf4 Re2 $19) {[%tqu "En","Please find a tactical strike for black.","",
"","h8d4","",10]} 34... Bxd4 $1 35. Bxd4 (35. Rxd4 Rxe3 $19) 35... Re1+ 36. Kh2
Bxd3 37. Qg3 Bf5 {Black is an exchange and pawn up. Probably, White lost on
time, but, anyway, his position was lost:} (37... Bf5 38. Bf6 Qe3 39. Qb8+ Qe8
40. Qg3 Re6 41. Qh4 Rxf6 42. Qxf6 Qb8+ 43. Kg1 Qa7+ 44. Kh2 Qf2 $19) 0-1

[Event "Bundesliga 0405"]
[Site "Germany"]
[Date "2005.04.09"]
[Round "14.6"]
[White "Brendel, Oliver"]
[Black "Krasenkow, Michal"]
[Result "0-1"]
[WhiteElo "2340"]
[BlackElo "2676"]
[Annotator "Erenburg,S"]
[PlyCount "72"]
[EventDate "2004.11.12"]
[EventType "team-tourn"]
[EventRounds "15"]
[EventCountry "GER"]
[SourceTitle "CBM 107"]
[Source "ChessBase"]
[SourceDate "2005.08.01"]
[SourceVersion "1"]
[SourceVersionDate "2005.08.01"]
[SourceQuality "1"]
[WhiteTeam "Hofheim"]
[BlackTeam "Baden Oos"]
[WhiteTeamCountry "GER"]
[BlackTeamCountry "GER"]

1. e4 g6 2. d4 Bg7 3. Nc3 c6 4. Nf3 d6 5. Be2 Nf6 6. a4 {White doesn't have to
hurry with a2-a4, as it gives black an additional option of transfering the
queenside knight to b4. White can start from the castle:} ({For example:} 6.
O-O O-O 7. Re1 (7. a4 {Yudasin,L} Qc7 $5) 7... Qc7 8. Bf4 {1/2-1/2 Godena,
M-Baklan,V/Istanbul 2003/CBM 96/[Erenburg] (42)}) 6... a5 7. O-O O-O 8. Bg5 {
White's main idea is to provoke black to weaken his position on the kingside.
Other possibilities are:} (8. Bf4 Na6 {---> 1/2-1/2 Godena,M-Sarno,S/Reggio
Emilia 1997/CBM 063/[Yudasin,L] (26)}) (8. Be3 {---> 1-0 Stean,M-Planinec,A/
Moscow 1975/MCL/[Gagarin] (37)}) (8. Re1 {---> 0-1 Arizmendi Martinez,
J-Minasian,A/New York 1998/CBM 064/[Yudasin,L] (69)}) (8. h3 Na6 9. Bf4 {
---> 0-1 Meshkov,Y-Firman,N/Moscow 2002/CBM 088/[Gofshtein,L] (39)}) 8... h6 9.
Bh4 ({The alternative is} 9. Bf4 Na6 10. e5 Ne8 11. h4 Nb4 12. Qd2 Bg4 13. e6
Bxe6 14. Bxh6 Bf5 15. Nd1 Nxc2 16. Bxg7 Kxg7 17. g4 Be4 18. Rc1 Bxf3 19. Bxf3
Nb4 $17 {0-1 Slapikas,V-Krasenkow,M/Koszalin 1996/EXT 99 (34)}) 9... g5 $5 $146
{Black is prepared to weaken the position of his king, in order to eliminate
White's dark-squared bishop. In the previous games black tried the following
continuations:} (9... Qc7 10. Qd2 Nbd7 11. Rad1 e5 12. Rfe1 Re8 13. Bf1 Nh5 14.
d5 Bf8 15. Qc1 f5 16. dxc6 bxc6 17. exf5 gxf5 18. Bc4+ Kg7 19. Ng5 Ndf6 20. Nf7
$2 f4 $17 {0-1 Apicella,M-Relange,E/Paris 1994/CBM 042 (28)}) (9... Nh5 10. Qd2
Qc7 11. Ne1 Nf6 12. f4 Na6 13. f5 Nb4 14. Kh1 Kh7 15. Nd3 g5 16. Bg3 Nxd3 17.
Qxd3 b6 18. e5 $16 {1-0 Dominguez Sanz,J-Battikhi,H/Dubai 1986/TD (31)}) (9...
Bg4 10. h3 Bxf3 11. Bxf3 Nbd7 12. Qd2 Qb6 13. Bg3 Rad8 14. Rad1 Rfe8 15. b3 Nf8
16. Rfe1 e5 17. d5 g5 18. Be2 Ng6 19. Kh2 Qc5 20. f3 Nh5 21. Bc4 $14 {1-0
Perman,E-Butala,M/Bled 2003/CBM 095 ext (65)}) 10. Bg3 (10. e5 {doesn't work,
in view of} dxe5 (10... Nh5 11. Nxg5 hxg5 12. Bxg5 $16) 11. dxe5 Qxd1 12. Raxd1
gxh4 13. exf6 Bxf6 $15) 10... Nh5 {getting a pair of bishops.} 11. Qd2 Na6 {
intending to occupy the b4 square, and sometimes to carry out the c6-c5 strike.
} ({It cannot be recommended to play g5-g4 without White's h2-h4, as in this
case, White's kingside bishop can occupy the h4 square.} 11... g4 $6 12. Nh4
Qb6 13. Rfd1 $14) 12. h4 $4 {losing a pawn.} ({Better was} 12. Bc4 Qb6 13. Rad1
Nxg3 14. hxg3 Nc7 $15 {/=}) 12... g4 13. Nh2 Nxg3 14. fxg3 Qb6 {winning a
central pawn.} 15. Rad1 (15. Nxg4 {isn't better, than the continuation in the
game:} Qxd4+ 16. Qxd4 Bxd4+ 17. Kh2 Bxc3 18. bxc3 Bxg4 19. Bxg4 Nc5 $19) 15...
e5 16. Bxa6 {White exchanges his bishop, hoping to protect the d4 pawn with
the knight from e2.} (16. Bxg4 exd4 17. Nb1 Nc5 18. Bxc8 Raxc8 $19) 16... Rxa6
17. Ne2 Qxb2 $19 {Black is a pawn up, he has a pair of bishops, White's pawns
are very weak, therefore, Black's position is winning.} 18. Rb1 Qa2 19. Qd3 (
19. Nc3 Qc4 $19) 19... Qxa4 20. c4 exd4 21. Nf4 {trying to create some threats
on the kingside.} (21. Nxd4 {leads to hopeless position as well:} b5 22. Rbc1
d5 23. exd5 cxd5 24. Nxb5 dxc4 $19) 21... b5 22. cxb5 Rb6 23. Nh5 (23. bxc6 Ba6
24. Qd2 Rxc6 $19) 23... Rxb5 {Black continues to capture White's pawns. Now
black is already three whole pawns up, while White hasn't any concrete threats
on the kingside.} 24. Nxg7 (24. Nf6+ Bxf6 25. Rxf6 Rxb1+ 26. Qxb1 Qa3 $1 $19 {
[%cal Ya3g3,Ga3e3]}) 24... Rxb1 25. Qxb1 Kxg7 26. Qc1 c5 27. Qf4 (27. Rf4 Qb3 {
[%cal Yb3g3]} 28. Nxg4 (28. Rxg4+ Kh7 $19) 28... Qxg3 29. Nxh6 Qe3+ $19) 27...
Qd7 {Black brings the queen back to his camp, thus, neutralizing white's
activity on the kingside.} 28. Qf6+ Kh7 29. e5 Qe6 {The simplest one.} 30. Nxg4
Qxg4 31. Qxd6 Kg8 32. Kh2 Be6 33. Rf4 Qe2 34. Rf6 d3 35. Rxh6 d2 {promoting
another queen.} 36. Qe7 (36. Rxe6 fxe6 (36... Qg4 $19) 37. Qxe6+ Kg7 38. Qe7+
Rf7 39. Qg5+ Kh7 40. e6 Rg7 41. Qf5+ Kg8 $19) 36... Qxe5 {covering the g5
square. Absolute triumph of black's opening strategy!} 0-1